书目信息 |
| 题名: |
马克思恩格斯列宁斯大林论文艺
|
|
| 作者: | ;北京大学中文系文艺理论教研室 编 | |
| 分册: | ||
| 出版信息: | 北京 人民文学出版社 1980 |
|
| 页数: | 312页 | |
| 开本: | 21cm | |
| 丛书名: | ||
| 单 册: | ||
| 中图分类: | A569.1 | |
| 科图分类: | ||
| 主题词: | 马列著作--专题汇编--文艺 | |
| 电子资源: | ||
| ISBN: | ||
| 000 | 00757nam0 2200229 45 | |
| 001 | 0180005673 | |
| 005 | 20060720093334.79 | |
| 010 | @dCNY0.88 | |
| 091 | @a10019.2412 | |
| 100 | @a19950628d1980 kmey0chiy0121 ea | |
| 101 | 0 | @achi |
| 102 | @aCN@b110000 | |
| 105 | @ay z 000yy | |
| 200 | 10 | @a马克思恩格斯列宁斯大林论文艺@Ama ke si en ge si lie ning si da lin lunwen yi@f北京大学中文系文艺理论教研室编@FBei Jing Da Xue Zhong Wen Xi Wen Yi Li Lun Jiao Yan Shi Bian |
| 210 | @a北京@c人民文学出版社@d1980 | |
| 215 | @a312页@d21cm | |
| 606 | @a马列著作@x专题汇编@x文艺 | |
| 690 | @aA569.1@v3 | |
| 711 | 02 | @a北京大学中文系文艺理论教研室@4编 |
| 801 | 2 | @aCN@bNLC@c20060720 |
| 801 | 0 | @aCN@b上海图书馆@c20040205 |
| 905 | @dA569.1@e20@f1@b213040@b95394@f1 | |
| 马克思恩格斯列宁斯大林论文艺/北京大学中文系文艺理论教研室编.-北京:人民文学出版社,1980 |
| 312页;21cm |
| ISBN :CNY0.88 |
| ● |
| 相关链接 |
|
|
|
|
正题名:马克思恩格斯列宁斯大林论文艺
索取号:A569.1/20
 
预约/预借
| 序号 | 登录号 | 条形码 | 馆藏地/架位号 | 状态 | 备注 |
| 1 | 0051659 | 001659841 | 密集书库/ [索取号:A569.1/20] | 在馆 | |
| 2 | 0051661 | 001659805 | 密集书库/ [索取号:A569.1/20] | 在馆 | |
| 3 | 0095394 | 001980262 | 第一借阅区/ [索取号:A569.1/20] | 在馆 | |
| 4 | 0095395 | 000952446 | 第一样本阅览室/ [索取号:A569.1/20] | 在馆 | |
| 5 | 0213038 | 001879854 | 密集书库/ [索取号:A569.1/20] | 在馆 | |
| 6 | 0213039 | 001659798 | 密集书库/ [索取号:A569.1/20] | 在馆 | |
| 7 | 0213040 | 000952561 | 第一借阅区/ [索取号:A569.1/20] | 在馆 | |
| 8 | 0424716 | 204247163 | 密集书库/ [索取号:A569.1/20] | 在馆 |